Présidents de la IIIème république par leur prénom - Statistiques

Statistiques générales
  • Ce quiz a été pris 154 fois
  • Le résultat moyen est 11 sur 14
Statistiques - réponses
Dates de mandat Prénom Nom % Correct
1871-1873 Adolphe Thiers
98%
1895-1899 Félix Faure
94%
1887-1894 Sadi Carnot
90%
1913-1920 Raymond Poincarré
89%
1873-1879 Patrice de Mac Mahon
88%
1879-1887 Jules Grevy
84%
1899-1906 Emile Loubet
75%
1931-1932 Paul Doumer
73%
1932-1940 Albert Lebrun
73%
1920-1920 Paul Deschanel
72%
1920-1924 Alexandre Millerand
71%
1924-1931 Gaston Doumergue
66%
1906-1913 Armand Fallières
61%
1894-1895 Jean Casimir-Perier
46%
Aucun quiz correspondant
Distribution des résultats
% des personnes avec chaque résultat
Percentile par nombre de réponses
Votre historique - résultats
Vous n’avez pas pris ce quiz